000 00555nam a2200193Ia 4500
005 20250326141210.0
008 250326s9999 xx 000 0 und d
037 _aTextbook
040 _aFMSL
_beng
_cFMSL
041 _aeng
_2eng
084 _aX8(A):Z2 N5
_qFMSL
100 _aJain R
_9108811
245 0 _aGuide on foreign collaboration legal parameters
_cJain R
250 _aEd 6th
260 _aNew Delhi
_bNew Delhi, India Investment Publication
_c1995
300 _a379p
942 _cTB
_hX8(A):Z2 N5
999 _c1289180
_d1289180